Concellos of A Coruña (Fill-in Map) - Statistics

General Stats
  • This quiz has been taken 299 times
  • The average score is 64 of 93
Answers on the Map
Answers color-coded by a green-red scale on the quiz's map according to % correct below.
 
Answer Stats
Answer % Correct
A Coruña
97%
Santiago de Compostela
94%
Arteixo
90%
Fisterra
89%
Ferrol
88%
Noia
86%
Cee
85%
Oleiros
85%
Ordes
85%
Carballo
84%
Ames
83%
Muros
83%
Sada
83%
Culleredo
80%
Narón
80%
Teo
80%
Betanzos
79%
Padrón
79%
Corcubión
78%
Fene
78%
Ribeira
78%
A Laracha
77%
Arzúa
77%
Ortigueira
77%
Boiro
76%
Carnota
76%
Muxía
76%
Abegondo
75%
Cariño
75%
Melide
75%
Pontedeume
75%
Vimianzo
75%
Ares
74%
Camariñas
74%
Bergondo
73%
Cambre
73%
Cedeira
73%
Laxe
73%
Cerceda
72%
Porto do Son
72%
Miño
71%
Santa Comba
71%
Valdoviño
71%
Zas
71%
Malpica de Bergantiños
70%
Outes
70%
Rianxo
70%
As Pontes de García Rodríguez
69%
Cabanas
69%
Carral
69%
Mazaricos
69%
Mugardos
68%
Negreira
68%
A Pobra do Caramiñal
67%
Coristanco
67%
Dumbría
64%
Oroso
64%
Oza-Cesuras
64%
Neda
63%
Ponteceso
63%
Val do Dubra
63%
Boqueixón
62%
Cabana de Bergantiños
62%
Touro
62%
Brión
60%
O Pino
60%
Tordoia
60%
Vedra
60%
Curtis
59%
Mañón
59%
Rois
59%
A Baña
58%
San Sadurniño
58%
A Capela
57%
Dodro
57%
Frades
56%
Irixoa
56%
Boimorto
55%
Lousame
55%
Sobrado
55%
As Somozas
54%
Monfero
54%
Paderne
54%
Moeche
53%
Santiso
53%
Trazo
53%
Coirós
51%
Vilarmaior
49%
Aranga
48%
Cerdido
48%
Mesía
48%
Toques
48%
Vilasantar
48%
No matching quizzes found
Score Distribution
Percent of People with Each Score
Percentile by Number Answered
Your Score History
You have not taken this quiz